01094nam a2200229Ia 4500003000900000008004100009020001800050040001600068080002300084100002000107111015100127245032700278260004200605300001600647490005100663650003000714650004100744650001700785650001600802700002500818700002100843IN-BaIIA211028s9999 xx 000 0 eng d a90-277-2626-4 cIIA Library a52(082.1)bASS-138 aViotti, Roberto aColloquium of the International Astronomical Union on Physics of Formationa of FeII Lines Outside LTEn94thcAnacapri, Capri Islandd1986 July 4-8 0aPhysics of formationa of FeII lines outside LTEbproceedings of the 94th colloquium of the International Astronomical Union on physics of formationa of FeII lines outside LTE, held in Anacapri, Capri Island, 4-8 July 1986cRoberto Viotti, Albertoand Vittone, Michael Friedjung  aDordrechtbD. Reidel Publishingc1988 axiii, 349p. aAstrophysics and space science library; v. 138 aAstronomical spectroscopy aAstronomy and Astrophysics Thesaurus aAstrophysics aFe II Lines aFriedjung, Michael., aVittone, Alberto